[Event "Muensterland Verbandsklasse 2526"]
[Site "Germany"]
[Date "2025.12.13"]
[Round "4"]
[Board "4"]
[White "Sandmann, Matthias"]
[Black "Grawunder, Juergen"]
[Result "1/2-1/2"]
[WhiteElo "1766"]
[BlackElo "1915"]
[WhiteFideId "-1"]
[BlackFideId "-1"]
[PlyCount "99"]
[GameId "2264427418434774"]
[EventDate "2025.??.??"]
[EventType "team-tourn"]
[EventRounds "9"]
[EventCountry "GER"]
[SourceTitle "Verband Muensterland"]
[SourceDate "2026.01.17"]
[SourceVersion "1"]
[SourceVersionDate "2026.01.17"]
[SourceQuality "1"]
[WhiteTeam "Nordwalde"]
[BlackTeam "Nordkirchen"]
[WhiteTeamCountry "GER"]
[BlackTeamCountry "GER"]

1. Nf3 d6 2. g3 e5 3. d3 Nf6 4. Bg2 c6 5. c4 Nbd7 6. O-O Be7 7. Nbd2 O-O 8. Qc2 Qc7 9. b3 b6 10. Bb2 Bb7 11. d4 Rfe8 12. Rfe1 Bf8 13. dxe5 dxe5 14. Rad1 g6 15. e4 a5 16. a3 Bc5 17. Re2 Nh5 18. Nh4 Nf8 19. Ndf3 f6 20. Bh3 Qe7 21. Qc1 Rad8 22. Rdd2 Rxd2 23. Rxd2 Bc8 24. Bxc8 Rxc8 25. Ne1 Ne6 26. Nc2 Bd6 27. Qd1 Rd8 28. Ne3 Nhg7 29. Nf3 Nc5 30. Qc2 Bc7 31. Rxd8+ Qxd8 32. b4 axb4 33. axb4 Nce6 34. b5 Nd4 35. Qd1 Nxf3+ 36. Qxf3 cxb5 37. cxb5 Qd3 38. Kg2 Nh5 39. Nd5 Qxf3+ 40. Kxf3 Bd8 41. Bc1 Ng7 42. Be3 Kf7 43. Nxb6 Bxb6 44. Bxb6 Ke7 45. Ke3 Kd6 46. g4 Ne6 47. h4 h5 48. gxh5 gxh5 49. Kf3 Nc7 50. Bxc7+ 1/2-1/2

[Event "Muensterland Verbandsklasse 2526"]
[Site "Germany"]
[Date "2025.12.13"]
[Round "4"]
[Board "5"]
[White "Steffens, Gerd"]
[Black "Szych, Lothar"]
[Result "1-0"]
[WhiteElo "1721"]
[BlackElo "1526"]
[WhiteFideId "-1"]
[BlackFideId "-1"]
[PlyCount "105"]
[GameId "2264427418442968"]
[EventDate "2025.??.??"]
[EventType "team-tourn"]
[EventRounds "9"]
[EventCountry "GER"]
[SourceTitle "Verband Muensterland"]
[SourceDate "2026.01.17"]
[SourceVersion "1"]
[SourceVersionDate "2026.01.17"]
[SourceQuality "1"]
[WhiteTeam "Nordkirchen"]
[BlackTeam "Nordwalde"]
[WhiteTeamCountry "GER"]
[BlackTeamCountry "GER"]

1. e3 c5 2. b3 e6 3. Bb2 Nf6 4. f4 b6 5. Nf3 Bb7 6. Be2 Be7 7. O-O O-O 8. Qe1 Ne4 9. d3 Bf6 10. c3 Nd6 11. e4 Be7 12. Nbd2 Nc6 13. Qg3 f6 14. c4 Rf7 15. Ne1 g6 16. Nc2 Ne8 17. Nf3 Ng7 18. Qf2 d6 19. Ne3 e5 20. Ng4 Kh8 21. Nh6 Rf8 22. f5 gxf5 23. Nh4 Qe8 24. N4xf5 Nxf5 25. Nxf5 Qg6 26. Qh4 Rg8 27. Qh3 Bc8 28. Bh5 Bxf5 29. Rxf5 Qg7 30. Rf3 Nd4 31. Bxd4 cxd4 32. Raf1 Raf8 33. g4 Qh6 34. Rg3 Rg5 35. Qg2 Rfg8 36. Bf7 R8g7 37. Be6 Bd8 38. Bf5 Rg8 39. Rh3 Qg7 40. Rxh7+ Qxh7 41. Bxh7 Rxg4 42. Bxg8 Rxg2+ 43. Kxg2 Kxg8 44. Kf3 Be7 45. Kg4 Kf7 46. Kf5 Bf8 47. h4 Bh6 48. b4 a6 49. Rg1 Bg7 50. a4 Bh6 51. Rg6 Bg7 52. h5 Bh8 53. h6 1-0

[Event "Muensterland Verbandsklasse 2526"]
[Site "Germany"]
[Date "2025.12.13"]
[Round "4"]
[Board "6"]
[White "Keller, Hansjuergen"]
[Black "Grasse, Herbert"]
[Result "0-1"]
[WhiteElo "1506"]
[BlackElo "1729"]
[WhiteFideId "-1"]
[BlackFideId "-1"]
[PlyCount "102"]
[GameId "2264427418451162"]
[EventDate "2025.??.??"]
[EventType "team-tourn"]
[EventRounds "9"]
[EventCountry "GER"]
[SourceTitle "Verband Muensterland"]
[SourceDate "2026.01.17"]
[SourceVersion "1"]
[SourceVersionDate "2026.01.17"]
[SourceQuality "1"]
[WhiteTeam "Nordwalde"]
[BlackTeam "Nordkirchen"]
[WhiteTeamCountry "GER"]
[BlackTeamCountry "GER"]

1. d4 f5 2. c4 Nf6 3. Nc3 g6 4. Bg5 Bg7 5. e3 h6 6. Bh4 O-O 7. Bd3 d6 8. Nge2 e5 9. f3 c6 10. O-O Qe8 11. dxe5 dxe5 12. e4 Be6 13. exf5 gxf5 14. Bf2 Na6 15. a3 Qf7 16. Qa4 Nd7 17. Rfd1 Ndc5 18. Bxc5 Nxc5 19. Qb4 Nxd3 20. Rxd3 Bxc4 21. Rd2 b6 22. Qd6 Qf6 23. Qxf6 Rxf6 24. Rad1 Bb3 25. Re1 Rff8 26. Nc1 Bc4 27. Red1 c5 28. Nd5 Rae8 29. Ne3 Bb5 30. Nd5 Rf7 31. Nc3 Bc6 32. Rd6 Rc7 33. Nd5 Bxd5 34. R6xd5 Ree7 35. Ne2 Rf7 36. Ng3 Rce7 37. Nh5 Bh8 38. Rd6 Kh7 39. Ng3 e4 40. fxe4 fxe4 41. R6d2 Bd4+ 42. Kh1 e3 43. Rc2 Rf2 44. Ne2 Ref7 45. Kg1 Be5 46. Rdc1 h5 47. Re1 h4 48. Rc4 Bf6 49. b3 Rg7 50. Nf4 Bd4 51. Ne6 Rgxg2+ 0-1

[Event "Muensterland Verbandsklasse 2526"]
[Site "Germany"]
[Date "2025.12.13"]
[Round "4"]
[Board "7"]
[White "Droste, Michael"]
[Black "Overesch, Dieter"]
[Result "1-0"]
[WhiteElo "1536"]
[BlackElo "1658"]
[WhiteFideId "-1"]
[BlackFideId "-1"]
[PlyCount "65"]
[GameId "2264427418459356"]
[EventDate "2025.??.??"]
[EventType "team-tourn"]
[EventRounds "9"]
[EventCountry "GER"]
[SourceTitle "Verband Muensterland"]
[SourceDate "2026.01.17"]
[SourceVersion "1"]
[SourceVersionDate "2026.01.17"]
[SourceQuality "1"]
[WhiteTeam "Nordkirchen"]
[BlackTeam "Nordwalde"]
[WhiteTeamCountry "GER"]
[BlackTeamCountry "GER"]

1. Nf3 d6 2. d4 Nd7 3. e4 e5 4. dxe5 Nxe5 5. Nxe5 dxe5 6. Qxd8+ Kxd8 7. Bc4 Be6 8. Bxe6 fxe6 9. Be3 Nf6 10. f3 Bd6 11. Nd2 h6 12. O-O-O Ke7 13. Nc4 b6 14. Rd3 Rhd8 15. Rhd1 Rac8 16. a4 Ne8 17. h4 c6 18. Bf2 b5 19. Nxd6 Rxd6 20. Bc5 Rcd8 21. axb5 cxb5 22. Bxd6+ Rxd6 23. Ra3 Rc6 24. Rxa7+ Nc7 25. Rb7 g5 26. hxg5 hxg5 27. Rd3 Rc4 28. b3 Rc6 29. Kb2 Rc5 30. Rc3 Rxc3 31. Kxc3 Kd6 32. Kb4 Kc6 33. Rxc7+ 1-0

[Event "Muensterland Verbandsklasse 2526"]
[Site "Germany"]
[Date "2025.12.13"]
[Round "4"]
[Board "8"]
[White "Blomqvist, Pontus"]
[Black "Winkler, Alexander"]
[Result "1/2-1/2"]
[WhiteElo "1404"]
[BlackElo "1550"]
[WhiteFideId "-1"]
[BlackFideId "-1"]
[PlyCount "84"]
[GameId "2264427418467550"]
[EventDate "2025.??.??"]
[EventType "team-tourn"]
[EventRounds "9"]
[EventCountry "GER"]
[SourceTitle "Verband Muensterland"]
[SourceDate "2026.01.17"]
[SourceVersion "1"]
[SourceVersionDate "2026.01.17"]
[SourceQuality "1"]
[WhiteTeam "Nordwalde"]
[BlackTeam "Nordkirchen"]
[WhiteTeamCountry "GER"]
[BlackTeamCountry "GER"]

1. e4 c5 2. Nc3 Nc6 3. Bc4 g6 4. d3 Bg7 5. Bd2 e6 6. a3 Nge7 7. Nf3 a6 8. O-O O-O 9. Re1 d5 10. exd5 exd5 11. Ba2 h6 12. h3 b6 13. Qc1 Kh7 14. Bf4 g5 15. Be5 Nxe5 16. Nxe5 Qd6 17. Nf3 Bb7 18. Qd2 Rae8 19. Re2 f5 20. d4 c4 21. Rae1 Bc8 22. Ne5 Bd7 23. Nxd7 Qxd7 24. Re6 Nc6 25. Rxe8 Rxe8 26. Rxe8 Qxe8 27. Nxd5 Qd8 28. Bxc4 b5 29. Ba2 Bxd4 30. c3 Bg7 31. Qc2 Qf8 32. Bb1 Ne7 33. Nxe7 Qxe7 34. Qxf5+ Kg8 35. Ba2+ Kh8 36. Qe6 Qxe6 37. Bxe6 a5 38. Kf1 b4 39. c4 Bxb2 40. a4 Bd4 41. Ke2 Kg7 42. Bf5 Kf6 1/2-1/2

[Event "Muensterland Verbandsklasse 2526"]
[Site "Germany"]
[Date "2025.12.13"]
[Round "4"]
[Board "1"]
[White "Pinno, Gregor"]
[Black "Kloenne, Tim"]
[Result "1-0"]
[WhiteElo "1976"]
[BlackElo "1803"]
[WhiteFideId "-1"]
[BlackFideId "-1"]
[PlyCount "93"]
[GameId "2095106920076468"]
[EventDate "2025.??.??"]
[EventType "team-tourn"]
[EventRounds "9"]
[EventCountry "GER"]
[SourceTitle "Verband Muensterland"]
[SourceDate "2026.01.17"]
[SourceVersion "1"]
[SourceVersionDate "2026.01.17"]
[SourceQuality "1"]
[WhiteTeam "Olfen"]
[BlackTeam "Gronau II"]
[WhiteTeamCountry "GER"]
[BlackTeamCountry "GER"]

1. Nf3 Nf6 2. g3 g6 3. Bg2 Bg7 4. O-O O-O 5. d3 d5 6. Nbd2 Re8 7. e4 e5 8. exd5 Nxd5 9. Re1 Nc6 10. Nc4 Rb8 11. c3 b5 12. Ncd2 Bb7 13. Ne4 Kh8 14. Qb3 Ba8 15. Nfg5 Rf8 16. Nc5 Na5 17. Qc2 Qd6 18. b4 Nc6 19. Nge4 Qd8 20. Bg5 Nce7 21. a4 h6 22. Bd2 Qc8 23. Nb3 a6 24. Nec5 Nb6 25. a5 Bxg2 26. Kxg2 Nd7 27. Re2 Nf5 28. Rae1 Ra8 29. f4 exf4 30. Bxf4 Nf6 31. c4 c6 32. Kh1 Nd7 33. Qd2 Kh7 34. Re4 Nxc5 35. Nxc5 Nd4 36. Qf2 Nf5 37. g4 g5 38. gxf5 gxf4 39. Qxf4 Bf6 40. R4e2 Rg8 41. Ne4 Qd8 42. c5 Qd4 43. Qd6 Qxd6 44. cxd6 Be5 45. Rc2 Rac8 46. Rec1 Bd4 47. h3 1-0

[Event "Muensterland Verbandsklasse 2526"]
[Site "Germany"]
[Date "2025.12.13"]
[Round "4"]
[Board "2"]
[White "Reinhold, Klaus"]
[Black "Preuss, Richard"]
[Result "1-0"]
[WhiteElo "1773"]
[BlackElo "1798"]
[WhiteFideId "-1"]
[BlackFideId "-1"]
[PlyCount "44"]
[GameId "2095107169440957"]
[EventDate "2025.??.??"]
[EventType "team-tourn"]
[EventRounds "9"]
[EventCountry "GER"]
[SourceTitle "Verband Muensterland"]
[SourceDate "2026.01.17"]
[SourceVersion "1"]
[SourceVersionDate "2026.01.17"]
[SourceQuality "1"]
[WhiteTeam "Gronau II"]
[BlackTeam "Olfen"]
[WhiteTeamCountry "GER"]
[BlackTeamCountry "GER"]

1. d4 d5 2. c4 e6 3. Nf3 Nf6 4. Nc3 Be7 5. Bf4 a6 6. c5 O-O 7. e3 Nc6 8. h3 b6 9. cxb6 cxb6 10. Rc1 Bb7 11. Bd3 Rc8 12. O-O Bd6 13. Bxd6 Qxd6 14. Qe2 b5 15. Rfd1 Rc7 16. e4 dxe4 17. Nxe4 Nxe4 18. Qxe4 g6 19. Qh4 Rfc8 20. Ng5 f6 21. Ne4 Qxd4 22. Rxc6 Bxc6 1-0

[Event "Muensterland Verbandsklasse 2526"]
[Site "Germany"]
[Date "2025.12.13"]
[Round "4"]
[Board "3"]
[White "Beutelhoff, Josef"]
[Black "Binger, Friedhelm"]
[Result "1/2-1/2"]
[WhiteElo "1820"]
[BlackElo "1688"]
[WhiteFideId "-1"]
[BlackFideId "-1"]
[PlyCount "74"]
[GameId "2095107233178822"]
[EventDate "2025.??.??"]
[EventType "team-tourn"]
[EventRounds "9"]
[EventCountry "GER"]
[SourceTitle "Verband Muensterland"]
[SourceDate "2026.01.17"]
[SourceVersion "1"]
[SourceVersionDate "2026.01.17"]
[SourceQuality "1"]
[WhiteTeam "Olfen"]
[BlackTeam "Gronau II"]
[WhiteTeamCountry "GER"]
[BlackTeamCountry "GER"]

1. d4 d5 2. c4 c6 3. e3 Nf6 4. Nc3 e6 5. Nf3 Nbd7 6. Bd3 Bd6 7. O-O O-O 8. e4 dxe4 9. Nxe4 Nxe4 10. Bxe4 Nf6 11. Bc2 h6 12. b3 b6 13. Qe2 Bb7 14. Bb2 Qc7 15. Rad1 Rfe8 16. h3 Rad8 17. Ne5 Bxe5 18. dxe5 Nh7 19. Rxd8 Rxd8 20. Rd1 c5 21. Rd3 Rxd3 22. Qxd3 Nf8 23. f3 Bc6 24. a3 Qd7 25. b4 Qxd3 26. Bxd3 Nd7 27. b5 Bb7 28. Kf2 Kf8 29. Ke3 Ke7 30. g3 f6 31. f4 Bg2 32. h4 f5 33. Be2 g6 34. g4 fxg4 35. Bxg4 Bf1 36. Be2 Bxe2 37. Kxe2 h5 1/2-1/2

[Event "Muensterland Verbandsklasse 2526"]
[Site "Germany"]
[Date "2025.12.13"]
[Round "4"]
[Board "4"]
[White "Naber, Wolfgang"]
[Black "Boenigk, Winfried"]
[Result "1-0"]
[WhiteElo "1666"]
[BlackElo "1750"]
[WhiteFideId "-1"]
[BlackFideId "-1"]
[PlyCount "105"]
[GameId "2095107319190735"]
[EventDate "2025.??.??"]
[EventType "team-tourn"]
[EventRounds "9"]
[EventCountry "GER"]
[SourceTitle "Verband Muensterland"]
[SourceDate "2026.01.17"]
[SourceVersion "1"]
[SourceVersionDate "2026.01.17"]
[SourceQuality "1"]
[WhiteTeam "Gronau II"]
[BlackTeam "Olfen"]
[WhiteTeamCountry "GER"]
[BlackTeamCountry "GER"]

1. Nf3 d5 2. d4 Nf6 3. c4 e6 4. g3 dxc4 5. Bg2 c5 6. Qa4+ Bd7 7. Qxc4 cxd4 8. Nxd4 Qb6 9. O-O e5 10. Nf3 Nc6 11. Ng5 Nd8 12. Nc3 Rc8 13. Qd3 h6 14. Nge4 Nxe4 15. Qxe4 Nc6 16. Rd1 Be6 17. Nd5 Bxd5 18. Rxd5 Bc5 19. Bh3 Rd8 20. Rxd8+ Qxd8 21. Be3 Bxe3 22. Qxe3 O-O 23. Bg2 Qc7 24. Rc1 Rc8 25. Bxc6 bxc6 26. Qc3 Qd6 27. Qc2 g6 28. Rd1 Qb4 29. Rd7 a5 30. b3 a4 31. bxa4 Ra8 32. Qb3 Qf8 33. Qc4 Rd8 34. Qxc6 Rxd7 35. Qxd7 Qc5 36. Qd2 Kg7 37. a5 Qb5 38. f3 Qc5+ 39. Kg2 Qb5 40. a3 h5 41. Kf1 Qb1+ 42. Kg2 Qb5 43. Kf1 Qb1+ 44. Qe1 Qc2 45. Qb4 Qd1+ 46. Kf2 Qh1 47. a6 Qxh2+ 48. Ke3 Qxg3 49. Kd3 Qf2 50. Qd6 h4 51. Qxe5+ Kg8 52. Qb8+ Kg7 53. a7 1-0

[Event "Muensterland Verbandsklasse 2526"]
[Site "Germany"]
[Date "2025.12.13"]
[Round "4"]
[Board "5"]
[White "Breuer, Bernd"]
[Black "Schlueter, Gerhard"]
[Result "1-0"]
[WhiteElo "1764"]
[BlackElo "1606"]
[WhiteFideId "-1"]
[BlackFideId "-1"]
[PlyCount "71"]
[GameId "2095107403830488"]
[EventDate "2025.??.??"]
[EventType "team-tourn"]
[EventRounds "9"]
[EventCountry "GER"]
[SourceTitle "Verband Muensterland"]
[SourceDate "2026.01.17"]
[SourceVersion "1"]
[SourceVersionDate "2026.01.17"]
[SourceQuality "1"]
[WhiteTeam "Olfen"]
[BlackTeam "Gronau II"]
[WhiteTeamCountry "GER"]
[BlackTeamCountry "GER"]

1. d4 d5 2. c4 e6 3. Nf3 Nf6 4. Bg5 Be7 5. e3 Nbd7 6. cxd5 exd5 7. Be2 O-O 8. O-O Ne4 9. Bxe7 Qxe7 10. Nc3 c6 11. a4 Ndf6 12. Ne5 Bf5 13. Bd3 Nd6 14. a5 Bxd3 15. Qxd3 a6 16. Na4 Rac8 17. f3 Nc4 18. Nxc4 dxc4 19. Qa3 Rfe8 20. Qxe7 Rxe7 21. Nb6 Rd8 22. Nxc4 Rd5 23. Rfd1 Rb5 24. e4 Rb4 25. Rac1 Rd7 26. Kf2 Ne8 27. d5 cxd5 28. Rxd5 Nf6 29. Rxd7 Nxd7 30. Ne5 Nf8 31. Rc8 Rd4 32. Ke3 Rd6 33. Rb8 f6 34. Nd3 Rd7 35. Nc5 Rc7 36. Ne6 1-0

[Event "Muensterland Verbandsklasse 2526"]
[Site "Germany"]
[Date "2025.12.13"]
[Round "4"]
[Board "6"]
[White "Baer, Klaus"]
[Black "Hoppe, Marc"]
[Result "1-0"]
[WhiteElo "1577"]
[BlackElo "1587"]
[WhiteFideId "-1"]
[BlackFideId "-1"]
[PlyCount "79"]
[GameId "2095107464140001"]
[EventDate "2025.??.??"]
[EventType "team-tourn"]
[EventRounds "9"]
[EventCountry "GER"]
[SourceTitle "Verband Muensterland"]
[SourceDate "2026.01.17"]
[SourceVersion "1"]
[SourceVersionDate "2026.01.17"]
[SourceQuality "1"]
[WhiteTeam "Gronau II"]
[BlackTeam "Olfen"]
[WhiteTeamCountry "GER"]
[BlackTeamCountry "GER"]

1. d4 c5 2. e3 Nf6 3. Nf3 b6 4. Bd3 Bb7 5. Nbd2 d5 6. b3 Nbd7 7. Bb2 e6 8. O-O Rc8 9. Qe2 Bd6 10. Rac1 O-O 11. c4 Qc7 12. h3 Ne4 13. cxd5 exd5 14. Rfe1 Ndf6 15. Rc2 Rfe8 16. Rec1 Qe7 17. Bb5 Bc6 18. Bxc6 Rxc6 19. dxc5 bxc5 20. Nd4 Rb6 21. Nf5 Qe6 22. Nxd6 Rxd6 23. Bxf6 Qxf6 24. Nxe4 dxe4 25. Rxc5 g6 26. Rc7 a5 27. Qb5 Red8 28. Rc8 Kg7 29. Rxd8 Qxd8 30. Qe5+ f6 31. Qxe4 f5 32. Qc4 Rd1+ 33. Rxd1 Qxd1+ 34. Kh2 Qd2 35. Qd4+ Qxd4 36. exd4 Kf6 37. Kg3 Ke6 38. Kf4 Kd5 39. Ke3 f4+ 40. Kd3 1-0

[Event "Muensterland Verbandsklasse 2526"]
[Site "Germany"]
[Date "2025.12.13"]
[Round "4"]
[Board "7"]
[White "Hof, Frank"]
[Black "Hauser, Emilian"]
[Result "0-1"]
[WhiteElo "1520"]
[BlackElo "1522"]
[WhiteFideId "-1"]
[BlackFideId "-1"]
[PlyCount "42"]
[GameId "2095107553645802"]
[EventDate "2025.??.??"]
[EventType "team-tourn"]
[EventRounds "9"]
[EventCountry "GER"]
[SourceTitle "Verband Muensterland"]
[SourceDate "2026.01.17"]
[SourceVersion "1"]
[SourceVersionDate "2026.01.17"]
[SourceQuality "1"]
[WhiteTeam "Olfen"]
[BlackTeam "Gronau II"]
[WhiteTeamCountry "GER"]
[BlackTeamCountry "GER"]

1. e4 e5 2. Nf3 Nc6 3. d4 exd4 4. c3 dxc3 5. Bc4 Nf6 6. Qb3 Na5 7. Bxf7+ Ke7 8. Qxc3 Kxf7 9. Qxa5 b6 10. Qa4 Bb7 11. Nc3 Bc5 12. O-O Re8 13. Bg5 h6 14. Bh4 g5 15. Bxg5 hxg5 16. Nxg5+ Kg7 17. Qc2 Ba6 18. Rfe1 Ng4 19. h4 Bxf2+ 20. Kh1 Rh8 21. Nh3 Qxh4 0-1

[Event "Muensterland Verbandsklasse 2526"]
[Site "Germany"]
[Date "2025.12.13"]
[Round "4"]
[Board "8"]
[White "Mussmann, Theodor"]
[Black "Huening, Matthias"]
[Result "1/2-1/2"]
[WhiteElo "857"]
[BlackElo "1435"]
[WhiteFideId "-1"]
[BlackFideId "-1"]
[PlyCount "78"]
[GameId "2095107615425779"]
[EventDate "2025.??.??"]
[EventType "team-tourn"]
[EventRounds "9"]
[EventCountry "GER"]
[SourceTitle "Verband Muensterland"]
[SourceDate "2026.01.17"]
[SourceVersion "1"]
[SourceVersionDate "2026.01.17"]
[SourceQuality "1"]
[WhiteTeam "Gronau II"]
[BlackTeam "Olfen"]
[WhiteTeamCountry "GER"]
[BlackTeamCountry "GER"]

1. d4 d5 2. Bf4 Bf5 3. e3 Nf6 4. Nd2 e6 5. Ngf3 Bd6 6. Ne5 O-O 7. g4 Bxe5 8. dxe5 Nxg4 9. Rg1 Qh4 10. Rg3 Nxh2 11. Bg5 Qb4 12. Bf6 Ng4 13. Bh3 Nxf6 14. Bxf5 Nbd7 15. exf6 Nxf6 16. Bd3 b6 17. Rh3 a5 18. Bxh7+ Nxh7 19. Qh5 f6 20. Qxh7+ Kf7 21. Qh5+ Ke7 22. O-O-O Qa4 23. Kb1 Qe8 24. Qg4 Rf7 25. e4 Rd8 26. exd5 Rxd5 27. Re3 Qd7 28. Rde1 Rxd2 29. Rxe6+ Kd8 30. Re8+ Qxe8 31. Rxe8+ Kxe8 32. f4 Rfd7 33. b3 Kd8 34. f5 c6 35. Qe4 R2d5 36. Kb2 Kc7 37. Qf4+ Re5 38. a4 Rdd5 39. Qg3 Rd7 1/2-1/2

[Event "Muensterland Verbandsklasse 2526"]
[Site "Germany"]
[Date "2025.12.13"]
[Round "4"]
[Board "1"]
[White "Hoffmann, Nico"]
[Black "Welling, Konrad"]
[Result "1/2-1/2"]
[WhiteElo "1866"]
[BlackElo "1835"]
[WhiteFideId "-1"]
[BlackFideId "-1"]
[PlyCount "54"]
[GameId "2095106920076468"]
[EventDate "2025.??.??"]
[EventType "team-tourn"]
[EventRounds "9"]
[EventCountry "GER"]
[SourceTitle "Verband Muensterland"]
[SourceDate "2026.01.17"]
[SourceVersion "1"]
[SourceVersionDate "2026.01.17"]
[SourceQuality "1"]
[WhiteTeam "Drensteinfurt"]
[BlackTeam "Bocholt II"]
[WhiteTeamCountry "GER"]
[BlackTeamCountry "GER"]

1. Nf3 Nf6 2. g3 g6 3. Bg2 Bg7 4. O-O O-O 5. d4 d6 6. b3 c5 7. Bb2 Bf5 8. dxc5 dxc5 9. c4 Nc6 10. Nc3 Qc8 11. Qc1 Rb8 12. Rd1 a6 13. Nd5 Rd8 14. Nxf6+ Bxf6 15. Bxf6 exf6 16. Qc3 Kg7 17. h4 h5 18. Rd2 Rxd2 19. Qxd2 Qc7 20. Rd1 Rd8 21. Qc1 Rxd1+ 22. Qxd1 b5 23. Qc1 Qd6 24. Qd2 Qxd2 25. Nxd2 Na5 26. e4 Be6 27. Bf1 bxc4 1/2-1/2

[Event "Muensterland Verbandsklasse 2526"]
[Site "Germany"]
[Date "2025.12.13"]
[Round "4"]
[Board "2"]
[White "Heister, Jonas"]
[Black "Prokscha, Maurice"]
[Result "1/2-1/2"]
[WhiteElo "1743"]
[BlackElo "1781"]
[WhiteFideId "-1"]
[BlackFideId "-1"]
[PlyCount "86"]
[GameId "2095107169440957"]
[EventDate "2025.??.??"]
[EventType "team-tourn"]
[EventRounds "9"]
[EventCountry "GER"]
[SourceTitle "Verband Muensterland"]
[SourceDate "2026.01.17"]
[SourceVersion "1"]
[SourceVersionDate "2026.01.17"]
[SourceQuality "1"]
[WhiteTeam "Bocholt II"]
[BlackTeam "Drensteinfurt"]
[WhiteTeamCountry "GER"]
[BlackTeamCountry "GER"]

1. d4 d5 2. c4 e6 3. Nf3 Nf6 4. g3 c5 5. cxd5 exd5 6. Bg2 h6 7. O-O Nc6 8. e3 Be6 9. dxc5 Bxc5 10. Qc2 Bb6 11. Bd2 Rc8 12. Nc3 O-O 13. Rfd1 Qe7 14. Be1 Rfd8 15. Rac1 Nh5 16. Qe2 f5 17. Nh4 Qf7 18. h3 Nf6 19. a3 g5 20. Nf3 Ne4 21. Nb5 f4 22. exf4 Nxg3 23. Qd3 Bf5 24. Ne5 Bxd3 25. Nxf7 Kxf7 26. Rxd3 Ne2+ 27. Kf1 Nxc1 28. Bxd5+ Rxd5 29. Rxd5 Rd8 30. Rxd8 Nxd8 31. fxg5 hxg5 32. Bd2 Nd3 33. Bxg5 Ne6 34. Bd2 Nxf2 35. Nd6+ Kg6 36. Nxb7 Ne4 37. Be1 Nf4 38. Na5 Nd3 39. Nc4 Bd4 40. b4 Nb2 41. Na5 Bb6 42. Nc6 Nd6 43. Bf2 Bxf2 1/2-1/2

[Event "Muensterland Verbandsklasse 2526"]
[Site "Germany"]
[Date "2025.12.13"]
[Round "4"]
[Board "3"]
[White "Berkhoff, Tim Henrik"]
[Black "Robeling, Stephan"]
[Result "1-0"]
[WhiteElo "1790"]
[BlackElo "1762"]
[WhiteFideId "-1"]
[BlackFideId "-1"]
[PlyCount "127"]
[GameId "2095107233178822"]
[EventDate "2025.??.??"]
[EventType "team-tourn"]
[EventRounds "9"]
[EventCountry "GER"]
[SourceTitle "Verband Muensterland"]
[SourceDate "2026.01.17"]
[SourceVersion "1"]
[SourceVersionDate "2026.01.17"]
[SourceQuality "1"]
[WhiteTeam "Drensteinfurt"]
[BlackTeam "Bocholt II"]
[WhiteTeamCountry "GER"]
[BlackTeamCountry "GER"]

1. e4 e6 2. d4 d5 3. Nc3 Nf6 4. e5 Nfd7 5. f4 c5 6. Nf3 Nc6 7. Be3 cxd4 8. Nxd4 Nxd4 9. Bxd4 a6 10. Qd2 Be7 11. Be2 O-O 12. O-O-O b5 13. Bf3 Nb6 14. Kb1 b4 15. Ne2 Bb7 16. g4 Nc4 17. Qe1 Qc7 18. Ng3 Bc5 19. Qf2 Rac8 20. Bxc5 Qxc5 21. Qxc5 Rxc5 22. Rhe1 Rfc8 23. Rd4 a5 24. Bd1 Nb6 25. f5 Nd7 26. Rd2 d4 27. fxe6 fxe6 28. Rxd4 Rxe5 29. Rxe5 Nxe5 30. g5 Bf3 31. h4 Bxd1 32. Rxd1 Nf3 33. Rd6 Kf7 34. Nh5 Nxh4 35. Rd7+ Kg6 36. Nf4+ Kxg5 37. Nxe6+ Kf6 38. Nxg7 Rg8 39. Nh5+ Kg6 40. Ng3 Re8 41. b3 Re3 42. Rd6+ Kf7 43. Rh6 Rxg3 44. Rxh7+ Ke6 45. Rxh4 Rg5 46. Rc4 Kd6 47. Kb2 Rh5 48. Rc8 Rg5 49. Rc4 Rh5 50. a3 Rb5 51. Rc8 Rb7 52. Ra8 Rb5 53. Rc8 Rb7 54. Rc4 Rb5 55. axb4 axb4 56. Kc1 Kd7 57. Kd2 Rd5+ 58. Ke3 Rb5 59. Kd4 Kd6 60. Rc8 Rh5 61. Kc4 Kd7 62. Rc5 Rh4+ 63. Kb5 Rg4 64. Rc4 1-0

[Event "Muensterland Verbandsklasse 2526"]
[Site "Germany"]
[Date "2025.12.13"]
[Round "4"]
[Board "4"]
[White "Tepasse, Wilhelm"]
[Black "Broeker, Yannic"]
[Result "1-0"]
[WhiteElo "1677"]
[BlackElo "1863"]
[WhiteFideId "-1"]
[BlackFideId "-1"]
[PlyCount "97"]
[GameId "2095107319190735"]
[EventDate "2025.??.??"]
[EventType "team-tourn"]
[EventRounds "9"]
[EventCountry "GER"]
[SourceTitle "Verband Muensterland"]
[SourceDate "2026.01.17"]
[SourceVersion "1"]
[SourceVersionDate "2026.01.17"]
[SourceQuality "1"]
[WhiteTeam "Bocholt II"]
[BlackTeam "Drensteinfurt"]
[WhiteTeamCountry "GER"]
[BlackTeamCountry "GER"]

1. Nf3 d5 2. d4 Nf6 3. g3 e6 4. Bg2 Be7 5. O-O O-O 6. Bf4 b6 7. Ne5 Bb7 8. Nd2 Nbd7 9. Ndf3 Rc8 10. c3 Nxe5 11. Nxe5 c5 12. Be3 Nd7 13. f4 cxd4 14. Nxd7 Qxd7 15. Bxd4 Ba6 16. Re1 f5 17. e3 Bd6 18. a4 Rfe8 19. a5 b5 20. b4 Rc7 21. Qf3 Bc8 22. h3 a6 23. g4 Bb7 24. gxf5 e5 25. fxe5 Bxe5 26. Qg4 Bxd4 27. cxd4 Rc4 28. Rab1 Qd6 29. Qg5 Rf8 30. Rf1 Rf6 31. Rf4 Rxb4 32. Rbf1 Rb2 33. Rg4 Qe7 34. Qf4 h6 35. Rg6 Rc2 36. Qxh6 Rc7 37. Rf3 b4 38. Rfg3 Rxf5 39. Rb6 Rc1+ 40. Kh2 Qc7 41. Qg6 Rf7 42. Rxb4 Ra1 43. h4 Rxa5 44. h5 Rb5 45. Rxb5 axb5 46. h6 Kh8 47. Qe6 Re7 48. Qf5 gxh6 49. Qf8+ 1-0